000 00656nam a22002537a 4500
001 26555
003 UA-OsUOA
005 20220717142427.0
007 ta
008 20040607b un ||||| |||| 00| 0 ukr d
020 _a5-02-005407-0
040 _aUA-OsUOA
_brus
_cUA-OsUOA
_dUA-OsUOA
041 _arus
044 _aRU
080 _a564
090 _a564
_bА91
100 _aАстафьева М. М.
245 _aПермские иноцерамоподобные двустворчатые моллюски России
260 _aМосква
_bНаука
_c1993
300 _a128 с.
650 7 _2UDC
942 _cBK
_2udc
955 _a0
999 _c312880
_d312880